Hướng dẫn đọc sơ đồ mạch điện
Cuốn sách giúp bạn hiểu hệ thống điện, sơ đồ mạch điện, ký hiệu trên sơ đồ mạch, tổ hợp các mạch điện tử đơn giản, lược đồ...
Đã lưu trong:
| Hovedforfatter: | |
|---|---|
| Format: | Bog |
| Sprog: | Undetermined |
| Udgivet: |
Hà Nội
Khoa học và Kỹ thuật
2011
|
| Fag: | |
| Tags: |
Tilføj Tag
Ingen Tags, Vær først til at tagge denne postø!
|
| Thư viện lưu trữ: | Trung tâm Học liệu Trường Đại học Cần Thơ |
|---|
| LEADER | 00828nam a2200205Ia 4500 | ||
|---|---|---|---|
| 001 | CTU_177411 | ||
| 008 | 210402s9999 xx 000 0 und d | ||
| 020 | |c 25000 | ||
| 082 | |a 621.3192 | ||
| 082 | |b S105 | ||
| 100 | |a Trần, Thế San | ||
| 245 | 0 | |a Hướng dẫn đọc sơ đồ mạch điện | |
| 245 | 0 | |c Trần Thế San, Tăng Văn Mùi | |
| 260 | |a Hà Nội | ||
| 260 | |b Khoa học và Kỹ thuật | ||
| 260 | |c 2011 | ||
| 520 | |a Cuốn sách giúp bạn hiểu hệ thống điện, sơ đồ mạch điện, ký hiệu trên sơ đồ mạch, tổ hợp các mạch điện tử đơn giản, lược đồ... | ||
| 650 | |a Electric circuits,Mạch điện | ||
| 904 | |i Hải | ||
| 980 | |a Trung tâm Học liệu Trường Đại học Cần Thơ | ||